Overspray : riding high with the kings of California airbrush art / [editors, Norman Hathaway, Dan Nadel ; essay by Mike Salisbury ; background by Norman Hathaway].

Bibliographic Details
Other Authors: Hathaway, Norman, Nadel, Dan
Format: Book
Language:English
Published: Brooklyn, NY : PictureBox, [2008]
Subjects:

MARC

Tag First Indicator Second Indicator Subfields
LEADER 00000cam a2200000Ka 4500
001 in00002467445
005 20151110040823.0
008 080330s2008 nyua 000 0 eng d
020 |a 9780979415302 
020 |a 0979415306 
035 |a (OCoLC)ocn216939419 
035 |a (OCoLC)216939419 
040 |a BTCTA  |c BTCTA  |d BAKER  |d YDXCP  |d BWX  |d CDX  |d CLE  |d UtOrBLW 
049 |a TXAM 
082 0 4 |a 751.494 22  |2 22 
090 |a NC915.A35  |b O925 2008 
245 0 0 |a Overspray :  |b riding high with the kings of California airbrush art / [editors, Norman Hathaway, Dan Nadel ; essay by Mike Salisbury ; background by Norman Hathaway]. 
264 1 |a Brooklyn, NY :  |b PictureBox,  |c [2008] 
264 4 |c ©2008 
300 |a 228 pages :  |b color illustrations ;  |c 27 cm. 
336 |a text  |b txt  |2 rdacontent 
337 |a unmediated  |b n  |2 rdamedia 
338 |a volume  |b nc  |2 rdacarrier 
500 |a Cover title. 
650 0 |a Airbrush art  |z California. 
650 0 |a Artists  |z California  |v Interviews. 
700 1 |a Hathaway, Norman. 
700 1 |a Nadel, Dan. 
938 |a Baker and Taylor  |b BTCP  |n BK0007712184 
938 |a Baker & Taylor  |b BKTY  |c 50.00  |d 37.50  |i 0979415306  |n 0007712184  |s active 
938 |a YBP Library Services  |b YANK  |n 2841394 
938 |a Blackwell Book Service  |b BBUS  |n R2748406  |c $50.00 
938 |a Coutts Information Services  |b COUT  |n 8186211 
945 |a PromptCat  |b 581561 
946 |a stk 
947 |a A14837415364 
994 |a 92  |b TXA 
948 |a cataloged  |b h  |d 2009/1/5  |h c  |e asalazar  |f 4:55:34 pm 
999 |a MARS 
999 f f |s b3d4e23b-126a-3cac-aa6e-9f6033340531  |i da3f1102-36b6-3743-a1cd-9c1a45d4913e  |t 0 
952 f f |p normal  |a Texas A&M University  |b College Station  |c Sterling C. Evans Library  |d Evans: Library Stacks  |t 0  |e NC915.A35 O925 2008  |h Library of Congress classification  |i unmediated -- volume  |m A14837415364 
998 f f |a NC915.A35 O925 2008  |t 0  |l Evans: Library Stacks